00338nam a22001457a 4500003000400000008004100004020001800045082001200063100001800075245003000093250000800123260003100131300000800162650002200170OSt220716b ||||| |||| 00| 0 eng d a9780367200848 a301 TAS aTaylor, Kevin aSociology for Pharmacists a2nd aNew DelhibCRC Pressc2018 a190 aPharmacy Practice